Bài giảng kĩ thuật nuôi cá nước lợ
Guardat en:
| Autor principal: | |
|---|---|
| Format: | Llibre |
| Idioma: | Undetermined |
| Publicat: |
Cần Thơ
Trường Đại học Cần Thơ - Khoa Nông nghiệp
2000
|
| Matèries: | |
| Etiquetes: |
Afegir etiqueta
Sense etiquetes, Sigues el primer a etiquetar aquest registre!
|
| Thư viện lưu trữ: | Trung tâm Học liệu Trường Đại học Cần Thơ |
|---|
| LEADER | 00626nam a2200169Ia 4500 | ||
|---|---|---|---|
| 001 | CTU_39165 | ||
| 008 | 210402s9999 xx 000 0 und d | ||
| 082 | |a 639.32 | ||
| 082 | |b B103 | ||
| 100 | |a Nguyễn Anh Tuấn | ||
| 245 | 0 | |a Bài giảng kĩ thuật nuôi cá nước lợ | |
| 245 | 0 | |c Nguyễn Anh Tuấn, Nguyễn Thanh Phương, Trần Ngọc Hải, Trần Thị Thanh Hiền | |
| 260 | |a Cần Thơ | ||
| 260 | |b Trường Đại học Cần Thơ - Khoa Nông nghiệp | ||
| 260 | |c 2000 | ||
| 650 | |a salt fishes | ||
| 980 | |a Trung tâm Học liệu Trường Đại học Cần Thơ | ||